The merchant of Venice /

Working in partnership with the RSC, this brand new series is ideal for introducing students to Shakespeare's plays. Using trusted and established RSC approaches, Shakespeare's plays come to life in the classroom and establish a deeper understanding and lasting appreciation of his work. Co...

Full description

Bibliographic Details
Main Author: Shakespeare, William, 1564-1616 (Author)
Other Authors: Smith, Emma (Emma Josephine) (Editor)
Format: Book
Language:English
Published: Oxford ; New York : Oxford University Press, [2018]
Series:RSC school Shakespeare.
Subjects:

MARC

Tag First Indicator Second Indicator Subfields
LEADER 00000cam a2200000 i 4500
001 in00004014841
005 20181024083931.0
008 180424t20182018enka 000 0 eng d
020 |a 9780198365952  |q (softcover) 
020 |a 0198365950  |q (softcover) 
035 |a (OCoLC)on1033551052 
040 |a NZAUC  |e rda  |c NZAUC  |d COO  |d YDX  |d ZQP  |d PAU  |d TXA  |d UtOrBLW 
049 |a TXAM 
090 |a PR2825.A2  |b S65 2018 
100 1 |a Shakespeare, William,  |d 1564-1616,  |e author.  |0 http://id.loc.gov/authorities/names/n78095332 
245 1 4 |a The merchant of Venice /  |c William Shakespeare ; series consultant, Emma Smith, professor of Shakespeare studies, Hertford College, University of Oxford. 
246 1 |i At head of title:  |a Royal Shakespeare Company 
264 1 |a Oxford ;  |a New York :  |b Oxford University Press,  |c [2018] 
264 4 |c ©2018 
300 |a 224 pages :  |b color illustrations ;  |c 22 cm. 
336 |a text  |b txt  |2 rdacontent 
336 |a still image  |b sti  |2 rdacontent 
337 |a unmediated  |b n  |2 rdamedia 
338 |a volume  |b nc  |2 rdacarrier 
490 1 |a RSC School Shakespeare 
520 |a Working in partnership with the RSC, this brand new series is ideal for introducing students to Shakespeare's plays. Using trusted and established RSC approaches, Shakespeare's plays come to life in the classroom and establish a deeper understanding and lasting appreciation of his work. Comprising the most popular plays used in schools, these full-color editions include the RSC's active approaches to exploring the text, vibrant RSC performance photographs, page summaries, glosses, contextual information and much more. This unique series aims to motivate and inspire students in their early encounters with Shakespeare's plays while giving students confidence for all stages of their study of Shakespeare. 
600 1 0 |a Shakespeare, William,  |d 1564-1616  |x Study and teaching.  |0 http://id.loc.gov/authorities/subjects/sh85121046 
600 1 0 |a Shakespeare, William,  |d 1564-1616.  |t Merchant of Venice.  |0 http://id.loc.gov/authorities/names/n79151413 
700 1 |a Smith, Emma  |q (Emma Josephine),  |e editor.  |0 http://id.loc.gov/authorities/names/nb90129600 
710 2 |a Royal Shakespeare Company,  |e issuing body.  |0 http://id.loc.gov/authorities/names/n81119193 
830 0 |a RSC school Shakespeare.  |0 http://id.loc.gov/authorities/names/no2017099779 
945 |a PromptCat 
948 |a cataloged  |b h  |c 2018/8/9  |d c  |e dmitchel  |f 1:30:20 pm 
994 |a C0  |b TXA 
999 f f |s eba129b6-2ab3-3043-abcf-850a5616e4bc  |i b18e3ff5-b781-31ad-aaad-b153608aaafd  |t 0 
952 f f |p normal  |a Texas A&M University  |b College Station  |c Sterling C. Evans Library  |d Evans: Library Stacks  |t 0  |e PR2825.A2 S65 2018  |h Library of Congress classification  |i unmediated -- volume  |m A14850512535 
998 f f |a PR2825.A2 S65 2018  |t 0  |l Evans: Library Stacks